000 00368nam a2200145Ia 4500
008 230917s9999||||xx |||||||||||||| ||und||
040 _e30659
_aMAIN
041 _aEnglish
082 _a342.54 S38S
100 _aSrivastava, Neeraj
245 0 _aSansodiya sarvochchata aur mool adhikar
260 _aNew Delhi
_bShipra
_c1997
300 _avii, 208 p.
942 _cBK
999 _c101863
_d101863